[Event "Tournament: Lloyds Bank Masters"]
[Site "London"]
[Date "1981.08.29"]
[Round "?"]
[White "Jacobs, B."]
[Black "Stebbings, A."]
[Result "1-0"]
[WhiteElo "2248"]
[BlackElo "2256"]
[PlyCount "57"]
[EventDate "1981.??.??"]

1. e4 e6 2. d4 d5 3. Nd2 Nf6 4. e5 Nfd7 5. c3 c5 6. Ngf3 Nc6 7. Bd3 f6 8. Ng5
fxg5 9. Qh5+ Ke7 10. Nf3 h6 11. Nxg5 Ndxe5 12. dxe5 Nxe5 13. Bc2 Qe8 14. Qe2
Nc6 15. Nf3 Qh5 16. Bf4 Bd7 17. O-O Re8 18. Qe3 Kd8 19. Ne5 Nxe5 20. Bxe5 Kc8
21. b4 b6 22. Bd3 Kb7 23. a4 c4 24. Be2 Qf7 25. a5 b5 26. Bd4 Ra8 27. a6+ Kb8
28. Bxa7+ Rxa7 29. Qb6+ 1-0

[Event "Tournament: Lloyds Bank Masters"]
[Site "London"]
[Date "1981.08.30"]
[Round "?"]
[White "Stebbings, A."]
[Black "Tagnon, N."]
[Result "0-1"]
[WhiteElo "2256"]
[BlackElo "2040"]
[PlyCount "80"]
[EventDate "1981.??.??"]

1. d4 Nf6 2. c4 e5 3. dxe5 Ng4 4. Nf3 Bc5 5. e3 Nc6 6. Nc3 O-O 7. Be2 Ngxe5 8.
b3 a5 9. Bb2 d6 10. O-O Bf5 11. Rc1 Re8 12. a3 Rc8 13. Qd2 Nxf3+ 14. Bxf3 Qg5
15. Nd5 Ne5 16. Be2 Be4 17. Nf4 Ng6 18. g3 Nxf4 19. exf4 Qh6 20. h4 Qe6 21. Qc3
f6 22. Kh2 Bc6 23. Bd3 Qg4 24. f3 Qh5 25. Kh3 Bd7+ 26. Kg2 Re3 27. Rce1 Rce8
28. Rxe3 Rxe3 29. Bc1 Re8 30. Qxa5 Bf5 31. Qd2 Be3 32. Qc2 Bxc1 33. Rxc1 Re3
34. g4 Bxg4 35. Bxh7+ Kh8 36. Qg6 Bxf3+ 37. Kf1 Qxh7 38. Qf7 Qd3+ 39. Kg1 Qe2
40. Qf8+ Kh7 0-1

[Event "Tournament: Lloyds Bank Masters"]
[Site "London"]
[Date "1981.08.31"]
[Round "?"]
[White "Harman, R."]
[Black "Stebbings, A."]
[Result "1/2-1/2"]
[WhiteElo "2128"]
[BlackElo "2256"]
[PlyCount "42"]
[EventDate "1981.??.??"]

1. e4 c5 2. c3 d5 3. exd5 Qxd5 4. d4 Nf6 5. Nf3 Bg4 6. Be2 e6 7. O-O Nc6 8. Be3
cxd4 9. Nxd4 Bxe2 10. Qxe2 Be7 11. Nb5 Qd8 12. Rd1 Qb8 13. Nd2 O-O 14. Nc4 Nd5
15. Nd4 Nxe3 16. Nxc6 bxc6 17. Qxe3 Rd8 18. g3 Rd5 19. Qe2 Qb5 20. Kf1 Rb8 21.
b3 Rbd8 1/2-1/2

[Event "Tournament: Lloyds Bank Masters"]
[Site "London"]
[Date "1981.09.01"]
[Round "?"]
[White "Stebbings, A."]
[Black "Rizvi, A."]
[Result "1/2-1/2"]
[WhiteElo "2256"]
[BlackElo "2000"]
[PlyCount "103"]
[EventDate "1981.??.??"]

1. e4 e6 2. d4 d5 3. Nd2 dxe4 4. Nxe4 Nf6 5. Nxf6+ Qxf6 6. Nf3 Qd8 7. Bc4 c6 8.
O-O Nd7 9. Bf4 Be7 10. Qe2 O-O 11. Rad1 Nf6 12. Rfe1 Nd5 13. Bc1 Bd6 14. Bb3
Qc7 15. c4 Nf4 16. Qe4 Ng6 17. h4 Rd8 18. h5 Nf8 19. h6 Ng6 20. hxg7 Bf4 21. g3
Bxc1 22. Rxc1 Kxg7 23. c5 Bd7 24. Qe3 Rh8 25. Ne5 Rag8 26. Rcd1 Bc8 27. Kg2 Qe7
28. Rh1 Kf8 29. Qh6+ Ke8 30. Nxg6 Rxg6 31. Qf4 Kd8 32. Rhe1 Qc7 33. Qe5 Rhg8
34. Rh1 R6g7 35. Bc2 f5 36. Qxc7+ Kxc7 37. Rh6 Re7 38. Rdh1 Rgg7 39. Kf3 Bd7
40. Bb3 b6 41. Rf6 Rg4 42. Rh4 Rgg7 43. Rhh6 e5 44. dxe5 Rxe5 45. cxb6+ axb6
46. Be6 Bxe6 47. Rxe6 Rc5 48. Re2 Rd5 49. Rhe6 Kd7 50. R6e5 Kd6 51. Kf4 Rf7 52.
a3 1/2-1/2

[Event "Tournament: Lloyds Bank Masters"]
[Site "London"]
[Date "1981.09.02"]
[Round "?"]
[White "Stebbings, A."]
[Black "Garwell, J."]
[Result "1/2-1/2"]
[WhiteElo "2256"]
[BlackElo "2064"]
[PlyCount "109"]
[EventDate "1981.??.??"]

1. e4 e5 2. Nf3 Nc6 3. Bb5 a6 4. Ba4 Nf6 5. O-O Nxe4 6. d4 b5 7. Bb3 d5 8. dxe5
Be6 9. Qe2 Nc5 10. Rd1 Nxb3 11. axb3 Be7 12. c4 Nb4 13. Nc3 c6 14. Nd4 O-O 15.
cxd5 cxd5 16. Be3 Qd7 17. Qd2 Rad8 18. Bg5 Bxg5 19. Qxg5 f6 20. exf6 Rxf6 21.
Qd2 Qd6 22. Nce2 Bg4 23. f3 Bh5 24. Rac1 Bg6 25. Rc3 Qb6 26. Kh1 Re8 27. h3 Qd6
28. Rdc1 Qe5 29. Rc8 Nd3 30. Rxe8+ Qxe8 31. Rc3 Nb4 32. Re3 Qf8 33. Qc3 Qd6 34.
Qc8+ Rf8 35. Qe6+ Qxe6 36. Rxe6 Re8 37. Rxe8+ Bxe8 38. Nc1 Kf7 39. Kg1 Kf6 40.
Kf2 Bg6 41. Ke3 Ke5 42. g4 Bb1 43. f4+ Kd6 44. Kd2 Be4 45. Kc3 Nc6 46. Nxc6
Kxc6 47. b4 Bg2 48. h4 Kd6 49. Nd3 Bf3 50. Ne5 Be4 51. Kd4 Bg2 52. Ke3 Bh3 53.
Kd4 Bg2 54. g5 Ke6 55. Ke3 1/2-1/2

[Event "London league"]
[Site "?"]
[Date "1981.09.29"]
[Round "?"]
[White "Stebbings, A."]
[Black "Benjamin, J."]
[Result "1/2-1/2"]
[WhiteElo "2256"]
[BlackElo "2152"]
[PlyCount "62"]
[EventDate "1981.??.??"]

1. e4 g6 2. d4 Bg7 3. c3 b6 4. Bg5 Bb7 5. Nd2 h6 6. Bh4 d6 7. Ngf3 Nf6 8. Bd3
g5 9. Bg3 Nh5 10. Qe2 Nxg3 11. hxg3 e6 12. O-O-O Qe7 13. Kb1 Nd7 14. Ba6 O-O-O
15. Ne1 Rhe8 16. g4 Qf8 17. Nc2 c6 18. Ne3 Nb8 19. Bxb7+ Kxb7 20. g3 Na6 21.
Nb3 Nc7 22. Qd3 d5 23. exd5 Nxd5 24. Rhe1 Nxe3 25. Qxe3 f5 26. Qf3 fxg4 27.
Qxg4 Qf5+ 28. Qe4 Kc7 29. Rd2 Rf8 30. g4 Qxe4+ 31. Rxe4 Rf6 1/2-1/2

[Event "Tournament: Ca'n Picafort Open"]
[Site "Mallorca"]
[Date "1981.10.04"]
[Round "?"]
[White "Mas, C."]
[Black "Stebbings, A."]
[Result "0-1"]
[WhiteElo "2000"]
[BlackElo "2256"]
[PlyCount "64"]
[EventDate "1981.??.??"]

1. e4 c5 2. Nf3 e6 3. d4 cxd4 4. Nxd4 Nc6 5. Nc3 a6 6. g3 Nge7 7. Bg2 Nxd4 8.
Qxd4 Nc6 9. Qd1 Be7 10. O-O d6 11. Be3 Rb8 12. f4 O-O 13. Qe2 Qc7 14. Rad1 b5
15. f5 b4 16. Nb1 Ne5 17. b3 Bd7 18. Rf2 a5 19. c4 bxc3 20. Rc1 Qb7 21. Nxc3
Rfc8 22. h3 Qb4 23. Qd2 a4 24. Nxa4 Rxc1+ 25. Qxc1 Nd3 26. Qd2 Nxf2 27. Qxb4
Rxb4 28. Bd2 Rd4 29. Bc3 Rd3 30. Bf1 Nxh3+ 31. Kg2 Rd1 32. Nb6 Bc6 0-1

[Event "Tournament: Ca'n Picafort Open"]
[Site "Mallorca"]
[Date "1981.10.05"]
[Round "?"]
[White "Stebbings, A."]
[Black "Planas, J."]
[Result "1/2-1/2"]
[WhiteElo "2256"]
[BlackElo "2192"]
[PlyCount "72"]
[EventDate "1981.??.??"]

1. e4 c5 2. Nf3 e6 3. d4 cxd4 4. Nxd4 Nf6 5. Nc3 Nc6 6. Ndb5 Bb4 7. Bf4 Nxe4 8.
Nc7+ Kf8 9. Qf3 d5 10. O-O-O Bxc3 11. bxc3 g5 12. Qxe4 Qxc7 13. Bxc7 dxe4 14.
h4 g4 15. Bb5 Kg7 16. Bxc6 bxc6 17. Rhe1 a5 18. Rxe4 h5 19. Rc4 Re8 20. Rc5 f6
21. Rxa5 Rxa5 22. Bxa5 e5 23. Bc7 Be6 24. a4 Re7 25. Bd8 Rd7 26. Rxd7+ Bxd7 27.
Kb2 f5 28. g3 Kf7 29. Kb3 Ke6 30. Kc4 Kd6 31. Bb6 Be6+ 32. Kb4 f4 33. c4 Bc8
34. Ba7 Kc7 35. a5 Ba6 36. Bb6+ Kd7 1/2-1/2

[Event "Tournament: Ca'n Picafort Open"]
[Site "Mallorca"]
[Date "1981.10.06"]
[Round "?"]
[White "Pruvost"]
[Black "Stebbings, A."]
[Result "0-1"]
[WhiteElo "1880"]
[BlackElo "2256"]
[PlyCount "124"]
[EventDate "1981.??.??"]

1. e4 c5 2. Nf3 e6 3. d4 cxd4 4. Nxd4 Nc6 5. Nxc6 bxc6 6. Bd3 d5 7. exd5 cxd5
8. O-O Nf6 9. c4 Be7 10. Nc3 O-O 11. cxd5 Nxd5 12. Nxd5 Qxd5 13. Bc2 Bb7 14.
Qxd5 Bxd5 15. Be3 Bf6 16. Rfb1 Rfb8 17. Bb3 Be4 18. Rf1 Bxb2 19. Rad1 a5 20. f3
Bc6 21. Rf2 Be5 22. f4 Bf6 23. f5 a4 24. Bc4 Bb5 25. Bxb5 Rxb5 26. fxe6 fxe6
27. Rd7 Rb1+ 28. Rf1 Rab8 29. Rdd1 Rxd1 30. Rxd1 Rb2 31. Rd2 Rxd2 32. Bxd2 Kf7
33. Kf2 Ke7 34. Ke2 Kd6 35. Kd3 Kd5 36. Be3 e5 37. Kc3 Be7 38. Kd3 Bb4 39. h3
e4+ 40. Ke2 Kc4 41. Bf4 Bc5 42. Bd2 Bd4 43. g4 g6 44. h4 h5 45. g5 Kd5 46. Bf4
Be5 47. Be3 Bg3 48. Bf2 Bxf2 49. Kxf2 Kd4 50. Ke2 Kc3 51. Ke3 Kb2 52. Kxe4 Kxa2
53. Ke5 Kb3 54. Kf6 a3 55. Kxg6 a2 56. Kxh5 a1=Q 57. g6 Qh8+ 58. Kg5 Kc4 59. h5
Kd5 60. h6 Ke6 61. g7 Qh7 62. Kh5 Kf5 0-1

[Event "Tournament: Ca'n Picafort Open"]
[Site "Mallorca"]
[Date "1981.10.07"]
[Round "?"]
[White "Stebbings, A."]
[Black "Fernandez, A."]
[Result "1/2-1/2"]
[WhiteElo "2256"]
[BlackElo "2424"]
[PlyCount "59"]
[EventDate "1981.??.??"]

1. d4 d5 2. c4 e6 3. Nc3 c5 4. cxd5 exd5 5. Nf3 Nc6 6. g3 Nf6 7. Bg2 Be7 8. O-O
O-O 9. dxc5 Bxc5 10. Na4 Be7 11. Be3 Bg4 12. Nd4 Qa5 13. Nxc6 bxc6 14. Rc1 Rfe8
15. b3 Qa6 16. Bf3 Ba3 17. Rc3 Bb4 18. Rc1 Bxf3 19. exf3 Nd7 20. Qd4 Qb7 21.
Rfd1 a5 22. Rc2 Nf8 23. Qb6 Qd7 24. Qxc6 Qf5 25. Rxd5 Qxf3 26. Rd3 Qf5 27. Qd5
Re5 28. Qxa8 Qxd3 29. Qc6 h5 30. h4 1/2-1/2

[Event "Tournament: Ca'n Picafort Open"]
[Site "Mallorca"]
[Date "1981.10.08"]
[Round "?"]
[White "Riera"]
[Black "Stebbings, A."]
[Result "0-1"]
[WhiteElo "2168"]
[BlackElo "2256"]
[PlyCount "126"]
[EventDate "1981.??.??"]

1. e4 c5 2. Nf3 e6 3. d4 cxd4 4. Nxd4 Nc6 5. Be3 Nf6 6. Nc3 Qc7 7. a3 a6 8. Be2
d6 9. O-O Bd7 10. Qd2 Be7 11. Rad1 O-O 12. f4 b5 13. Bf3 Nxd4 14. Bxd4 e5 15.
Be3 Bc6 16. Nd5 Bxd5 17. exd5 exf4 18. Bxf4 Nd7 19. Kh1 Bf6 20. c3 Rfe8 21. Qf2
Rab8 22. Bc1 a5 23. Be2 Ne5 24. Qg3 Qe7 25. Qe3 Nd7 26. Qxe7 Rxe7 27. Bd3 Nc5
28. Bf4 Be5 29. Be3 Na4 30. Bc1 g6 31. Bc2 Nc5 32. Bd2 Kg7 33. Rde1 f5 34. g3
Nd7 35. Re2 Rbe8 36. Rfe1 Nf6 37. Bb3 Ne4 38. Bc2 Nf6 39. Bb3 Rb7 40. Kg2 Ne4
41. Be3 Nf6 42. Bd2 Ne4 43. Be3 Nf6 44. Bd2 Rc8 45. Ba2 Rc5 46. Be3 Rc8 47. Bd2
Ne4 48. Bf4 Bxf4 49. gxf4 Rcc7 50. Bb1 Nc5 51. Rd2 b4 52. axb4 axb4 53. Bd3
bxc3 54. bxc3 Rb3 55. Rc1 Ra3 56. Rcc2 Rb7 57. Be2 Ne4 58. Rd3 Rbb3 59. Bf3
Rxc3 60. Rdxc3 Nxc3 61. Rc1 Kf7 62. Re1 Ra7 63. Re6 Rd7 0-1

[Event "Tournament: Ca'n Picafort Open"]
[Site "Mallorca"]
[Date "1981.10.10"]
[Round "?"]
[White "Stebbings, A."]
[Black "Mateu, X."]
[Result "1-0"]
[WhiteElo "2256"]
[BlackElo "2344"]
[PlyCount "51"]
[EventDate "1981.??.??"]

1. c4 Nf6 2. Nc3 e6 3. d4 Bb4 4. e3 O-O 5. Nge2 Ne4 6. Qc2 d5 7. a3 Bxc3+ 8.
Nxc3 Nxc3 9. Qxc3 Nd7 10. Bd3 c6 11. O-O f5 12. f3 Nf6 13. Bd2 Bd7 14. Qc2 Kh8
15. Bb4 Rg8 16. Bd6 Be8 17. Be5 Nd7 18. Bg3 Qf6 19. cxd5 cxd5 20. Qc7 Nb6 21.
Qxb7 Ba4 22. Rac1 Bb3 23. Rc7 Bc4 24. Be5 Qf8 25. Bxc4 dxc4 26. Rf7 1-0

[Event "Tournament: Ca'n Picafort Open"]
[Site "Mallorca"]
[Date "1981.10.11"]
[Round "?"]
[White "Stebbings, A."]
[Black "Yusupov, A."]
[Result "0-1"]
[WhiteElo "2256"]
[BlackElo "2584"]
[PlyCount "120"]
[EventDate "1981.??.??"]

1. d4 Nf6 2. c4 e6 3. Nc3 Bb4 4. e3 c5 5. Nge2 cxd4 6. exd4 d5 7. c5 Ne4 8. Bd2
Nxd2 9. Qxd2 a5 10. a3 Bxc3 11. Nxc3 a4 12. Bd3 b6 13. cxb6 Qxb6 14. Rc1 O-O
15. O-O Bd7 16. Kh1 g6 17. Ne2 Nc6 18. Bb1 Rab8 19. Rc2 Na5 20. Ba2 Bb5 21. Rd1
Bxe2 22. Qxe2 Rfc8 23. Rcd2 Rb7 24. h4 h5 25. Kh2 Rbc7 26. g3 Rc1 27. Kg2 Nb3
28. Bxb3 Qxb3 29. Rxc1 Rxc1 30. Kh2 Qc4 31. Qxc4 Rxc4 32. Kg2 Kg7 33. Kf3 Rc7
34. Ke3 Kf6 35. Kd3 Kf5 36. Rc2 Rb7 37. f3 Rb3+ 38. Ke2 f6 39. Rd2 g5 40. hxg5
fxg5 41. Kf2 g4 42. fxg4+ hxg4 43. Re2 Rd3 44. Re5+ Kf6 45. Re3 Rd2+ 46. Ke1
Rxd4 47. b3 e5 48. bxa4 Kf5 49. Ke2 Rxa4 50. Rb3 Ke4 51. Re3+ Kd4 52. Rd3+ Kc4
53. Re3 e4 54. Kd2 Ra8 55. Rc3+ Kd4 56. Rb3 Rf8 57. a4 Rf2+ 58. Ke1 Ra2 59. Rb7
Rxa4 60. Rg7 Ke3 0-1

[Event "Tournament: Ca'n Picafort Open"]
[Site "Mallorca"]
[Date "1981.10.12"]
[Round "?"]
[White "MartinGonzalez, A."]
[Black "Stebbings, A."]
[Result "1-0"]
[WhiteElo "2408"]
[BlackElo "2256"]
[PlyCount "93"]
[EventDate "1981.??.??"]

1. e4 c5 2. Nf3 e6 3. Nc3 a6 4. d4 cxd4 5. Nxd4 Nc6 6. f4 Nxd4 7. Qxd4 Ne7 8.
Be2 Nc6 9. Qf2 b5 10. Be3 d6 11. O-O Be7 12. Rad1 Qc7 13. e5 dxe5 14. Bb6 Qb8
15. Bf3 Bb7 16. fxe5 Nxe5 17. Bxb7 Qxb7 18. Rde1 Bh4 19. Qxh4 Qxb6+ 20. Kh1 Nc6
21. Nd5 Qb7 22. Qg5 O-O 23. Nf6+ Kh8 24. Re3 Ne7 25. Rh3 gxf6 26. Qh6 Qe4 27.
Qxf6+ Kg8 28. Qxe7 Qd4 29. c3 Qd8 30. Qb4 Ra7 31. Qe4 f6 32. Qxe6+ Kh8 33. Rg3
Qd2 34. Re1 h6 35. Rh3 Rg7 36. Qe2 Rd7 37. Re3 Qd6 38. Rh3 Qd2 39. Re3 Qd6 40.
Re6 Qd5 41. Rxa6 Rg7 42. Qe4 Qd2 43. Qe2 Qg5 44. Rb6 Rd8 45. Rxb5 Qf4 46. Rb4
Qg5 47. Rd4 1-0

[Event "Tournament: Ca'n Picafort Open"]
[Site "Mallorca"]
[Date "1981.10.13"]
[Round "?"]
[White "Stebbings, A."]
[Black "Delgado, R."]
[Result "1-0"]
[WhiteElo "2256"]
[BlackElo "2040"]
[PlyCount "63"]
[EventDate "1981.??.??"]

1. e4 c5 2. Nf3 d6 3. d4 cxd4 4. Nxd4 Nf6 5. Nc3 a6 6. f4 e6 7. Be3 Qc7 8. Qf3
Be7 9. O-O-O O-O 10. g4 b5 11. g5 Nfd7 12. h4 Nc5 13. a3 Bb7 14. f5 e5 15. Nde2
Rc8 16. Ng3 Na4 17. Bd2 Nc6 18. Nd5 Qd8 19. Be3 Nd4 20. Bxd4 Bxd5 21. exd5 exd4
22. f6 Bf8 23. Ne4 Qc7 24. Rh2 Rab8 25. Rxd4 a5 26. fxg7 Bxg7 27. Nf6+ Kh8 28.
Qf5 Bxf6 29. gxf6 Nc5 30. Rg4 Rg8 31. Rhg2 Rg6 32. h5 1-0

[Event "Tournament: Ca'n Picafort Open"]
[Site "Mallorca"]
[Date "1981.10.14"]
[Round "?"]
[White "Pablo, A."]
[Black "Stebbings, A."]
[Result "1/2-1/2"]
[WhiteElo "2344"]
[BlackElo "2256"]
[PlyCount "126"]
[EventDate "1981.??.??"]

1. e4 e6 2. d4 d5 3. Nd2 Nf6 4. e5 Nfd7 5. Bd3 c5 6. c3 Nc6 7. Ne2 cxd4 8. cxd4
f6 9. f4 fxe5 10. dxe5 Nc5 11. Bb1 Qh4+ 12. Kf1 Be7 13. Nf3 Qh5 14. Ng3 Qf7 15.
h4 Bd7 16. Rh3 O-O-O 17. Kg1 Be8 18. Qe1 Kb8 19. Bd2 Rc8 20. b4 Na4 21. Ne2 Bd7
22. Bc2 Nb2 23. Rb1 Nc4 24. Nfd4 Nxd4 25. Nxd4 Rhf8 26. Rf3 Bxh4 27. Qe2 Be7
28. Be1 g6 29. Bf2 Qg7 30. Bd3 Rc7 31. Bxc4 Rxc4 32. Qe3 b6 33. Qd2 Rfc8 34. a4
Qf8 35. Rfb3 Bxa4 36. Nxe6 Qf7 37. Ra3 Qxe6 38. Rxa4 Qc6 39. b5 Rc1+ 40. Rxc1
Qxc1+ 41. Qxc1 Rxc1+ 42. Kh2 Rb1 43. g4 Rxb5 44. f5 Rb2 45. Kg1 Rb4 46. f6 Bf8
47. Rxb4 Bxb4 48. e6 Kc7 49. Bg3+ Kc6 50. Be5 a5 51. Kf2 a4 52. Ke2 b5 53. g5
Bc5 54. Kd3 b4 55. f7 Be7 56. Bg7 a3 57. Kc2 a2 58. Kb2 b3 59. Kxb3 Kd6 60.
Kxa2 Kxe6 61. f8=Q Bxf8 62. Bxf8 Kf5 63. Be7 Kg4 1/2-1/2

[Event "London league"]
[Site "?"]
[Date "1981.10.21"]
[Round "?"]
[White "Lee, G."]
[Black "Stebbings, A."]
[Result "1-0"]
[WhiteElo "2384"]
[BlackElo "2256"]
[PlyCount "120"]
[EventDate "1981.??.??"]

1. e4 c5 2. c3 d5 3. exd5 Qxd5 4. d4 Nf6 5. Nf3 Bg4 6. Be2 e6 7. h3 Bh5 8. O-O
Nc6 9. Be3 cxd4 10. Nxd4 Bxe2 11. Qxe2 Nxd4 12. Bxd4 Be7 13. Rd1 Qa5 14. b4 Qa4
15. a3 b5 16. Nd2 O-O 17. c4 Rfd8 18. Qe3 bxc4 19. Nxc4 Nd5 20. Qf3 Rac8 21.
Rac1 Qb5 22. Qg4 Nf6 23. Nd6 Nxg4 24. Nxb5 Rxc1 25. Rxc1 a6 26. Bb6 Rb8 27. Bc7
Rxb5 28. hxg4 Bg5 29. Bf4 g6 30. Bxg5 Rxg5 31. Rc8+ Kg7 32. Ra8 Rxg4 33. Rxa6
Kf6 34. b5 Ke5 35. b6 Kd6 36. a4 Rb4 37. a5 Kc6 38. Ra7 Rb5 39. Kf1 f5 40. Ke2
g5 41. Kd3 h5 42. Kc4 Rb1 43. Re7 Kd6 44. b7 Kxe7 45. a6 g4 46. g3 Rb6 47. a7
Rxb7 48. a8=Q Rd7 49. Kc3 Rd5 50. Qh8 Kd7 51. Qxh5 Ke7 52. Qg6 Rd1 53. Qg7+ Kd6
54. Kc2 Rd5 55. Qf6 Kd7 56. Qf7+ Kd6 57. Qg7 Re5 58. Kd2 Re4 59. Kd3 Kd5 60.
Qd7+ Ke5 1-0

[Event "Kent league"]
[Site "?"]
[Date "1981.10.27"]
[Round "?"]
[White "Stebbings, A."]
[Black "Briggs, J."]
[Result "0-1"]
[WhiteElo "2256"]
[BlackElo "2040"]
[PlyCount "70"]
[EventDate "1981.??.??"]

1. e4 e5 2. Nf3 Nc6 3. Bb5 a6 4. Ba4 Nf6 5. O-O Be7 6. Re1 b5 7. Bb3 d6 8. c3
O-O 9. d4 Bg4 10. d5 Na5 11. Bc2 c6 12. h3 Bxf3 13. Qxf3 cxd5 14. exd5 Qc7 15.
Bg5 Nxd5 16. Qd3 g6 17. Bh6 Nf4 18. Qf3 Rfe8 19. Bxf4 exf4 20. Qxf4 Nc4 21. Bb3
Bf8 22. Rxe8 Rxe8 23. Bxc4 Qxc4 24. Qxc4 bxc4 25. Nd2 d5 26. Kf1 Bg7 27. Re1
Rb8 28. Rb1 Kf8 29. Ke2 Ke7 30. Kd1 Kd6 31. Kc2 Re8 32. Rf1 Bh6 33. Kd1 Rb8 34.
b4 a5 35. a3 axb4 0-1

[Event "London league"]
[Site "?"]
[Date "1981.10.29"]
[Round "?"]
[White "Stebbings, A."]
[Black "Maguire, P."]
[Result "1/2-1/2"]
[WhiteElo "2256"]
[BlackElo "2128"]
[PlyCount "57"]
[EventDate "1981.??.??"]

1. e4 e5 2. Nf3 Nc6 3. Bb5 a6 4. Ba4 Nf6 5. O-O Nxe4 6. d4 b5 7. Bb3 d5 8. dxe5
Be6 9. Qe2 Be7 10. Rd1 O-O 11. c4 bxc4 12. Bxc4 Bc5 13. Be3 Bxe3 14. Qxe3 Qb8
15. Bb3 Na5 16. Nbd2 Qa7 17. Qxa7 Rxa7 18. Rac1 Rb7 19. Nd4 c5 20. Nxe4 dxe4
21. Nxe6 Nxb3 22. Nxf8 Nxc1 23. Rxc1 Kxf8 24. b3 Rd7 25. Kf1 Rd5 26. Rc4 Rxe5
27. Ra4 Re6 28. Rc4 Re5 29. Ra4 1/2-1/2

[Event "County match"]
[Site "?"]
[Date "1981.10.31"]
[Round "?"]
[White "Sharp, P."]
[Black "Stebbings, A."]
[Result "0-1"]
[WhiteElo "2008"]
[BlackElo "2256"]
[PlyCount "80"]
[EventDate "1981.??.??"]

1. d4 Nf6 2. Nc3 d5 3. Bg5 Nbd7 4. f3 c6 5. e4 dxe4 6. Bxf6 Nxf6 7. fxe4 Qa5 8.
Qd2 e5 9. dxe5 Ng4 10. Nf3 Nxe5 11. Nxe5 Qxe5 12. Bc4 Be7 13. Bb3 O-O 14. Qe2
Bb4 15. O-O Be6 16. Bxe6 Qxe6 17. Rf3 Rfe8 18. Rd1 Re7 19. a3 Bxc3 20. Rxc3
Rae8 21. Re3 Qe5 22. c3 f5 23. Qc4+ Kh8 24. Rde1 fxe4 25. Rxe4 Qxe4 26. Rxe4
Rxe4 27. Qf7 R4e7 28. Qc4 h6 29. h3 Re2 30. Qf7 R2e7 31. Qc4 Rd7 32. Qf4 a6 33.
Kh2 Ree7 34. Qb4 Kh7 35. Qf4 Rd5 36. Qf3 Kg8 37. Qf4 Rg5 38. Qc4+ Kh8 39. Qd3
Rd5 40. Qf3 Kg8 0-1

[Event "Essex league"]
[Site "?"]
[Date "1981.11.05"]
[Round "?"]
[White "Lee, E."]
[Black "Stebbings, A."]
[Result "1-0"]
[WhiteElo "2072"]
[BlackElo "2256"]
[PlyCount "69"]
[EventDate "1981.??.??"]

1. e4 e6 2. d4 d5 3. exd5 exd5 4. Bd3 Nc6 5. c3 Bd6 6. Nf3 Nge7 7. O-O Bg4 8.
Be3 Qd7 9. Nbd2 O-O-O 10. b4 Rde8 11. Qa4 Kb8 12. b5 Nd8 13. Ne5 Bxe5 14. dxe5
Nc8 15. Nb3 Nb6 16. Qd4 Bf5 17. Nc5 Qc8 18. a4 Bxd3 19. Qxd3 Ne6 20. Nxe6 fxe6
21. Qd4 Qd7 22. a5 Nc8 23. c4 h6 24. Rfb1 Re7 25. c5 c6 26. a6 cxb5 27. axb7
Qxb7 28. Ra5 a6 29. Qa1 Rc7 30. Rxa6 d4 31. Bxd4 Rd8 32. Ra5 b4 33. Ra4 b3 34.
Ra3 Rxd4 35. Qxd4 1-0

[Event "National Club ch."]
[Site "?"]
[Date "1981.11.22"]
[Round "?"]
[White "Stebbings, A."]
[Black "Kosten, A."]
[Result "1-0"]
[WhiteElo "2256"]
[BlackElo "2272"]
[PlyCount "99"]
[EventDate "1981.??.??"]

1. c4 e6 2. Nc3 d5 3. d4 Bb4 4. e3 Nf6 5. a3 Bxc3+ 6. bxc3 O-O 7. cxd5 exd5 8.
Bd3 c5 9. Ne2 c4 10. Bb1 Nc6 11. f3 Re8 12. O-O Ne7 13. Ng3 Nd7 14. e4 Nf8 15.
e5 Qa5 16. Bd2 Qb6 17. f4 g6 18. f5 Nxf5 19. Bxf5 Bxf5 20. Nxf5 gxf5 21. Rxf5
Ng6 22. Rb1 Qc7 23. Qh5 Re6 24. Rbf1 Nh8 25. Bg5 Rg6 26. Bf6 Rf8 27. Qf3 Qd7
28. h4 b5 29. h5 a5 30. Bxh8 Rxg2+ 31. Kxg2 Kxh8 32. Rg5 Qe7 33. Qf6+ Qxf6 34.
exf6 b4 35. axb4 axb4 36. cxb4 h6 37. Rxd5 Ra8 38. Rc5 Ra2+ 39. Rf2 Ra3 40.
Rxc4 Kh7 41. Rc7 Kg8 42. Re2 Ra8 43. b5 Rf8 44. b6 Kh7 45. b7 Kg8 46. Ree7 Kh8
47. Rc8 Kh7 48. Rxf7+ Rxf7 49. b8=Q Rf8 50. Qc7+ 1-0

[Event "London league"]
[Site "?"]
[Date "1981.11.25"]
[Round "?"]
[White "Bowmer, K."]
[Black "Stebbings, A."]
[Result "0-1"]
[WhiteElo "2136"]
[BlackElo "2256"]
[PlyCount "63"]
[EventDate "1981.??.??"]

1. e4 c5 2. Nf3 e6 3. d4 cxd4 4. Nxd4 Nc6 5. Nc3 a6 6. Be2 Qc7 7. O-O Nf6 8.
Be3 Bb4 9. Na4 O-O 10. Nxc6 bxc6 11. Qd4 Bd6 12. e5 Bxe5 13. Qh4 Nd5 14. Bd3 f5
15. Bd4 Bxd4 16. Qxd4 e5 17. Qh4 d6 18. Bc4 Be6 19. Nc3 Nf4 20. Bxe6+ Nxe6 21.
Ne2 d5 22. Rad1 Rad8 23. Rfe1 c5 24. Qa4 Qb6 25. Nc1 e4 26. Re3 Qb5 27. Qxb5
axb5 28. Ra3 d4 29. Ra5 b4 30. a3 bxa3 31. Rxa3 Ra8 32. Rb3 0-1

[Event "County match"]
[Site "?"]
[Date "1981.11.28"]
[Round "?"]
[White "Stebbings, A."]
[Black "Branford, J."]
[Result "1-0"]
[WhiteElo "2256"]
[BlackElo "2264"]
[PlyCount "65"]
[EventDate "1981.??.??"]

1. c4 Nf6 2. Nc3 e6 3. d4 Bb4 4. e3 O-O 5. Nge2 b6 6. a3 Bxc3+ 7. Nxc3 c5 8. d5
exd5 9. cxd5 Bb7 10. Bc4 d6 11. O-O Re8 12. f3 a6 13. a4 Nbd7 14. e4 Ne5 15.
Be2 Ng6 16. Be3 Rb8 17. Qd2 Qe7 18. Rab1 Rec8 19. b4 Qe5 20. bxc5 bxc5 21. Rb3
Ba8 22. Rxb8 Rxb8 23. Bxa6 Rb3 24. Rc1 Nh5 25. g3 Qe8 26. Bb5 Qb8 27. Qc2 c4
28. Bxc4 Rb4 29. Bb5 Ne5 30. Na2 Nxf3+ 31. Kg2 Rb2 32. Qxb2 f5 33. Qc2 1-0

[Event "London league"]
[Site "?"]
[Date "1981.12.15"]
[Round "?"]
[White "Stebbings, A."]
[Black "Smith, AP."]
[Result "0-1"]
[WhiteElo "2256"]
[BlackElo "2088"]
[PlyCount "54"]
[EventDate "1981.??.??"]

1. c4 g6 2. d4 c5 3. Nf3 cxd4 4. Nxd4 Bg7 5. e4 Qb6 6. Nb3 Qc6 7. Bd3 Na6 8.
O-O Nb4 9. Re1 Nxd3 10. Qxd3 b6 11. Nd4 Qd6 12. Rd1 Qxd4 13. Qxd4 Bxd4 14. Rxd4
d6 15. Nc3 Be6 16. Nb5 Rc8 17. Nxa7 Rxc4 18. Rxc4 Bxc4 19. Be3 Nf6 20. Rc1 Be6
21. f3 O-O 22. b3 Rb8 23. Rc7 Kf8 24. Nc6 Ra8 25. Nb4 d5 26. Bxb6 dxe4 27. Bc5
Nd7 {Time} 0-1

[Event "Essex league"]
[Site "?"]
[Date "1982.01.07"]
[Round "?"]
[White "Stebbings, A."]
[Black "Smith, IB."]
[Result "1-0"]
[WhiteElo "2256"]
[BlackElo "2104"]
[PlyCount "63"]
[EventDate "1982.??.??"]

1. d4 Nf6 2. c3 d5 3. Bg5 Bf5 4. Qb3 b6 5. Bxf6 exf6 6. e3 c6 7. c4 Bxb1 8.
Rxb1 dxc4 9. Bxc4 Qc7 10. Rc1 b5 11. Bd3 Qa5+ 12. Ke2 a6 13. Be4 Qb6 14. Qc2
Kd7 15. Nf3 Ra7 16. Rhd1 Rc7 17. d5 c5 18. Bf5+ Kd6 19. Qe4 g5 20. Qg4 Nd7 21.
Qg3+ Ne5 22. Nxe5 fxe5 23. Qxg5 Be7 24. Qh6+ f6 25. f4 c4 26. fxe5+ Kc5 27. d6
Bf8 28. Qxf6 Bg7 29. Qe6 Ra7 30. Qd5+ Kb4 31. Qd2+ Ka4 32. Bc2# 1-0

[Event "County match"]
[Site "?"]
[Date "1982.01.16"]
[Round "?"]
[White "Stebbings, A."]
[Black "Moore, G."]
[Result "1/2-1/2"]
[WhiteElo "2256"]
[BlackElo "2232"]
[PlyCount "59"]
[EventDate "1982.??.??"]

1. c4 g6 2. d4 Nf6 3. Nc3 Bg7 4. e4 d6 5. f3 a6 6. Be3 Nc6 7. Nge2 Rb8 8. Nc1
e5 9. Nb3 exd4 10. Nxd4 O-O 11. Be2 Nxd4 12. Bxd4 c6 13. O-O b5 14. Qd2 Be6 15.
b3 bxc4 16. bxc4 Qa5 17. Rab1 c5 18. Bf2 Ng4 19. Rxb8 Rxb8 20. fxg4 Bxc3 21.
Qxd6 Rd8 22. Qxc5 Qxc5 23. Bxc5 Rd2 24. Bf3 Bxc4 25. Rc1 Bd4+ 26. Bxd4 Rxd4 27.
Rc2 Be6 28. Rc3 Bxa2 29. Ra3 Bb1 30. Rxa6 1/2-1/2